Larvicidal principles from some insecticidal plants of Sarawak /
Saved in:
| Main Author: | |
|---|---|
| Format: | Thesis Book |
| Language: | English |
| Published: |
1996.
|
| Subjects: | |
| Online Access: | http://studentsrepo.um.edu.my/id/eprint/1986 |
| Tags: |
Add Tag
No Tags, Be the first to tag this record!
|
| LEADER | 01124cam a2200313 a 4500 | ||
|---|---|---|---|
| 001 | u407193 | ||
| 003 | SIRSI | ||
| 008 | 911205s1996 my t 00 1 eng m | ||
| 035 | |a ACC-3171 | ||
| 040 | |a UMM | ||
| 043 | |a a-my-sr | ||
| 090 | |a SB292 |b A2Ee | ||
| 091 | |a Microfiche 14820 | ||
| 100 | 1 | 0 | |a Ee, Gwendoline Cheng Lian. |
| 245 | 1 | 0 | |a Larvicidal principles from some insecticidal plants of Sarawak / |c Gwendoline Cheng Lian. |
| 260 | |c 1996. | ||
| 300 | |a xx, 379 leaves |b ill. ; |c 30 cm. | ||
| 500 | |a Microfiche. Kuala Lumpur : University of Malaya Library, 2000. 5 fiches : negative ; 11 x 15 cm. | ||
| 502 | |a Thesis (Ph.D.) -- Jabatan Kimia, Fakulti Sains, Universiti Malaya, 1997. | ||
| 504 | |a Bibliography: leaves 337-345. | ||
| 650 | 0 | |a Insecticidal plants |z Sarawak. | |
| 650 | 0 | |a Goniothalamus. | |
| 650 | 0 | |a Disepalum. | |
| 650 | 0 | |a Mezzetia. | |
| 710 | 2 | 0 | |a Universiti Malaya. |b Jabatan Kimia. |
| 856 | 4 | 1 | |u http://studentsrepo.um.edu.my/id/eprint/1986 |
| 948 | |a 04/02/1997 |b 20/06/2002 | ||
| 596 | |a 1 | ||
| 999 | |a SB292 A2EE |w LC |c 1 |i A506429485 |d 1/12/2015 |e 1/12/2015 |l STACKS |m P01UTAMA |n 6 |r Y |s Y |t TESIS |u 28/4/1997 | ||
